[Event "World Amateur-ch U2300"]
[Site "Muscat"]
[Date "2023.11.06"]
[Round "5"]
[White "Sodbilegt, Naranbold"]
[Black "Koniahli, Malek"]
[Result "1-0"]
[WhiteElo "2151"]
[BlackElo "2291"]
[PlyCount "55"]
[EventDate "2023.11.02"]
[EventType "swiss"]
[EventRounds "9"]
[EventCountry "OMN"]
[SourceTitle "CB46_2023"]
[SourceDate "2023.11.15"]
[SourceVersion "1"]
[SourceVersionDate "2023.11.15"]
[SourceQuality "1"]

1. e4 c5 2. Nf3 d6 3. d4 cxd4 4. Nxd4 Nf6 5. Nc3 Nc6 6. Bg5 e6 7. Qd2 a6 8. 0-0-0 Bd7 9. f4 b5 10. Bxf6 gxf6 11. Kb1 Qb6 12. f5 Qxd4 13. Qxd4 Nxd4 14. Rxd4 Rg8 15. g3 h5 16. Be2 h4 17. gxh4 Rb8 18. Bh5 Ke7 19. Rhd1 Rb6 20. Ne2 Bh6 21. Bf3 b4 22. Rg1 Rxg1+ 23. Nxg1 Bf4 24. Ne2 Bxh2 25. h5 Bc6 26. Rc4 Be5 27. h6 Bd7 28. Rc8 1-0

[Event "Riadh Rapid op"]
[Site "Riadh"]
[Date "2023.03.18"]
[Round "6"]
[White "Koniahli, Malek"]
[Black "El Gindy, Essam"]
[Result "0-1"]
[WhiteElo "2254"]
[BlackElo "2407"]
[PlyCount "76"]
[EventDate "2023.03.17"]
[EventType "swiss (rapid)"]
[EventRounds "9"]
[EventCountry "SAU"]
[SourceTitle "CBM 213 Extra"]
[Source "ChessBase"]
[SourceDate "2023.05.31"]
[SourceVersion "1"]
[SourceVersionDate "2023.05.31"]
[SourceQuality "1"]

1. e4 c5 2. Nf3 Nc6 3. Bb5 a6 4. Bxc6 bxc6 5. h3 e6 6. 0-0 Ne7 7. d3 Ng6 8. e5 Be7 9. Na3 f6 10. Nc4 0-0 11. a4 fxe5 12. Nfxe5 Nxe5 13. Nxe5 Bf6 14. Qe2 d6 15. Nc4 e5 16. f4 exf4 17. Bxf4 d5 18. Ne5 Qe8 19. Rae1 Ra7 20. c3 Re7 21. d4 cxd4 22. cxd4 c5 23. Qf3 Be6 24. Qa3 cxd4 25. Nd3 Bf5 26. Bd6 Bxd3 27. Bxe7 Bxf1 28. Bb4 Qg6 29. Rxf1 Re8 30. Qb3 Qh5 31. Bc5 h6 32. Qd1 Qh4 33. Qd3 Re4 34. Qxa6 Qg3 35. Qa8+ Kh7 36. Qxd5 Re2 37. a5 Be5 38. Rf8 Qe3+ 0-1

[Event "Riadh Rapid op"]
[Site "Riadh"]
[Date "2023.03.17"]
[Round "5"]
[White "Ahmad, Al Khatib"]
[Black "Koniahli, Malek"]
[Result "0-1"]
[WhiteElo "2303"]
[BlackElo "2254"]
[PlyCount "24"]
[EventDate "2023.03.17"]
[EventType "swiss (rapid)"]
[EventRounds "9"]
[EventCountry "SAU"]
[SourceTitle "CBM 213 Extra"]
[Source "ChessBase"]
[SourceDate "2023.05.31"]
[SourceVersion "1"]
[SourceVersionDate "2023.05.31"]
[SourceQuality "1"]

1. e4 e5 2. Nf3 Nc6 3. Bb5 a6 4. Ba4 Nf6 5. d3 Bc5 6. 0-0 d6 7. c3 b5 8. Bc2 Bb6 9. Nbd2 h6 10. h3 g5 11. Nh2 g4 12. Nxg4 Nxg4 0-1

[Event "Riadh Rapid op"]
[Site "Riadh"]
[Date "2023.03.17"]
[Round "3"]
[White "Koniahli, Malek"]
[Black "Al Mansour, Abdulziz"]
[Result "1/2-1/2"]
[WhiteElo "2254"]
[BlackElo "1893"]
[PlyCount "131"]
[EventDate "2023.03.17"]
[EventType "swiss (rapid)"]
[EventRounds "9"]
[EventCountry "SAU"]
[SourceTitle "CBM 213 Extra"]
[Source "ChessBase"]
[SourceDate "2023.05.31"]
[SourceVersion "1"]
[SourceVersionDate "2023.05.31"]
[SourceQuality "1"]

1. e4 c5 2. Nf3 d6 3. d4 cxd4 4. Nxd4 Nf6 5. Nc3 a6 6. Be2 e5 7. Nb3 Be7 8. g4 h6 9. h4 Be6 10. g5 hxg5 11. Bxg5 Nbd7 12. Qd3 Nh5 13. Bxe7 Qxe7 14. Bxh5 Rxh5 15. 0-0-0 0-0-0 16. Nd5 Bxd5 17. Qxd5 Nf6 18. Qd3 Rdh8 19. Nd2 Rxh4 20. Rxh4 Rxh4 21. f3 Rh8 22. Nc4 Rd8 23. Nxd6+ Kb8 24. Qa3 g5 25. Nc4 Rxd1+ 26. Kxd1 Qxa3 27. Nxa3 g4 28. Ke2 Kc7 29. Nc4 gxf3+ 30. Kxf3 Nd7 31. Kg4 b5 32. Ne3 Kd6 33. Kf5 Nb8 34. Ng4 Nc6 35. c3 a5 36. Kf6 a4 37. Kxf7 Na5 38. Kf6 Nc4 39. b3 Nd2 40. Kf5 a3 41. Nxe5 Nb1 42. Nd3 Nxc3 43. e5+ Ke7 44. Nb4 Kd7 45. Kf6 Ne4+ 46. Kf7 Ng5+ 47. Kf6 Ne4+ 48. Kf5 Nc3 49. e6+ Kd6 50. e7 Kxe7 51. Ke5 Kd7 52. Kd4 Ne2+ 53. Kc5 Nc3 54. Kd4 Ne2+ 55. Ke3 Nc3 56. Kd3 Nd1 57. Kd2 Nf2 58. Nc2 Kc6 59. Nxa3 b4 60. Nc2 Kc5 61. Ke3 Nd1+ 62. Kd2 Nf2 63. Ke2 Ne4 64. Ke3 Nc3 65. Kd3 Nxa2 66. Ke4 1/2-1/2

[Event "Riadh Rapid op"]
[Site "Riadh"]
[Date "2023.03.17"]
[Round "4"]
[White "Mahad, Dahir Muhumad"]
[Black "Koniahli, Malek"]
[Result "0-1"]
[WhiteElo "1719"]
[BlackElo "2254"]
[PlyCount "92"]
[EventDate "2023.03.17"]
[EventType "swiss (rapid)"]
[EventRounds "9"]
[EventCountry "SAU"]
[SourceTitle "CBM 213 Extra"]
[Source "ChessBase"]
[SourceDate "2023.05.31"]
[SourceVersion "1"]
[SourceVersionDate "2023.05.31"]
[SourceQuality "1"]

1. e4 c5 2. Nf3 d6 3. d4 cxd4 4. Nxd4 Nf6 5. Nc3 Nc6 6. Be2 e5 7. Nb3 Be7 8. Be3 Be6 9. 0-0 a5 10. Nd5 Bxd5 11. exd5 Nb8 12. c4 b6 13. f4 Nbd7 14. fxe5 Nxe5 15. Nd4 0-0 16. Kh1 Nfd7 17. Nf5 g6 18. Nxe7+ Qxe7 19. Qd2 f5 20. Rac1 Rae8 21. Bg5 Nf6 22. Qd4 Qc7 23. Bd3 Qc5 24. Qxc5 bxc5 25. Bc2 Rb8 26. b3 Rb7 27. Bh6 Ra8 28. h3 Nf7 29. Bd2 Nd7 30. g4 fxg4 31. hxg4 Nde5 32. Rf4 a4 33. Kg2 axb3 34. axb3 Ra2 35. Kg3 Nd3 36. Bxd3 Rxd2 37. Bc2 Ra7 38. Rf2 Rxf2 39. Kxf2 Ne5 40. Kg3 Kg7 41. g5 Ra2 42. Be4 Re2 43. Bc2 Re3+ 44. Kf2 Rc3 45. Ke2 Rg3 46. Ra1 Rg2+ 0-1

[Event "Arab-ch"]
[Site "Khartoum"]
[Date "2023.03.02"]
[Round "5"]
[White "Ahmad, Al Khatib"]
[Black "Koniahli, Malek"]
[Result "1-0"]
[WhiteElo "2303"]
[BlackElo "2254"]
[PlyCount "183"]
[EventDate "2023.02.26"]
[EventType "swiss"]
[EventRounds "9"]
[EventCountry "SUD"]
[SourceTitle "CBM 213 Extra"]
[Source "ChessBase"]
[SourceDate "2023.05.31"]
[SourceVersion "1"]
[SourceVersionDate "2023.05.31"]
[SourceQuality "1"]

1. d4 Nf6 2. c4 e6 3. Bf4 b6 4. a3 Bb7 5. Nc3 Be7 6. d5 0-0 7. e4 d6 8. Bd3 Nbd7 9. Nf3 e5 10. Be3 Nh5 11. g3 g6 12. h4 Bc8 13. Nh2 a5 14. Be2 Nhf6 15. b4 Ne8 16. h5 Bg5 17. Bxg5 Qxg5 18. Qc1 Qxc1+ 19. Rxc1 axb4 20. axb4 Ra3 21. Kd2 Ndf6 22. Ra1 Rb3 23. hxg6 hxg6 24. Rhb1 Rxb1 25. Rxb1 Kg7 26. Ra1 Rh8 27. Nf1 Rh1 28. Bf3 Rh6 29. Ne3 Rh2 30. Ke2 Rh8 31. Ra7 Bd7 32. c5 bxc5 33. bxc5 c6 34. dxc6 Bxc6 35. Ra6 Bb7 36. Rb6 Bc8 37. c6 Nc7 38. Ned5 Nfxd5 39. Nxd5 Nxd5 40. exd5 Kf8 41. Rb8 Ke7 42. Ke3 Kd8 43. Be2 Kc7 44. Ra8 f5 45. Ba6 f4+ 46. gxf4 Rh3+ 47. f3 exf4+ 48. Kxf4 Bf5 49. Be2 Rh4+ 50. Ke3 Bc8 51. Ra7+ Kb6 52. Ra8 Kc7 53. Bd3 Rh5 54. Kd4 Rh4+ 55. Be4 g5 56. Ra7+ Kb6 57. Ra8 Kc7 58. Ra7+ Kb6 59. Rg7 g4 60. f4 Rh2 61. Rg8 Kc7 62. Rg7+ Kb6 63. Rg8 Kc7 64. f5 Rf2 65. Ke3 Rf1 66. Rxg4 Bxf5 67. Rg7+ Kb6 68. Rb7+ Ka6 69. Bf3 Rc1 70. Be2+ Ka5 71. Rb5+ Ka4 72. Rb8 Ka5 73. Rb5+ Ka4 74. Rb8 Ka5 75. Rd8 Kb6 76. Rxd6 Kc7 77. Rf6 Bh3 78. Bf3 Rc3+ 79. Kd4 Rc2 80. Rf7+ Kd6 81. Rf6+ Kc7 82. Be4 Rc1 83. Rf7+ Kd6 84. Rf6+ Kc7 85. Rh6 Bg4 86. Rh4 Bc8 87. Ke5 Kb6 88. Rh8 Bg4 89. Kd6 Re1 90. Rb8+ Ka7 91. Rb4 Ka6 92. Bd3+ 1-0

[Event "Beirut op 11th"]
[Site "Beirut"]
[Date "2022.11.14"]
[Round "4"]
[White "Koniahli, Malek"]
[Black "Najjar, Ahmad"]
[Result "1-0"]
[WhiteElo "2209"]
[BlackElo "2261"]
[PlyCount "107"]
[EventDate "2022.11.12"]
[EventType "swiss"]
[EventRounds "9"]
[EventCountry "LBN"]
[SourceTitle "CBM 211 Extra"]
[Source "ChessBase"]
[SourceDate "2023.01.31"]
[SourceVersion "1"]
[SourceVersionDate "2023.01.31"]
[SourceQuality "1"]

1. e4 c5 2. Nf3 g6 3. d4 cxd4 4. Qxd4 Nf6 5. Bb5 Nc6 6. Bxc6 bxc6 7. e5 Nd5 8. c4 Nb4 9. Qc3 c5 10. Be3 Qc7 11. Nbd2 Bg7 12. Ne4 Nc6 13. Bxc5 Nxe5 14. Bd4 Nxf3+ 15. gxf3 Bxd4 16. Qxd4 Qa5+ 17. Nc3 0-0 18. 0-0-0 Bb7 19. Rhe1 Bxf3 20. Rd3 Qg5+ 21. Qe3 Qxe3+ 22. Rdxe3 Bg4 23. Nd5 Be6 24. Nxe7+ Kg7 25. Nd5 Rfc8 26. Rc3 Rc5 27. b4 Rc6 28. Kb2 Rb8 29. a3 a5 30. Kb3 h5 31. Re4 Rc5 32. Nf4 Bg4 33. f3 Bf5 34. Rd4 Re5 35. Rd5 Rxd5 36. Nxd5 axb4 37. axb4 g5 38. b5 Be6 39. Kb4 f5 40. Ka5 Ra8+ 41. Kb4 Bxd5 42. cxd5 Kf6 43. Rc7 d6 44. b6 Ke5 45. b7 Rb8 46. Kb5 Kxd5 47. Re7 g4 48. f4 h4 49. Kb6 g3 50. hxg3 hxg3 51. Kc7 g2 52. Re1 Rg8 53. b8Q g1Q 54. Qb3+ 1-0

[Event "Titled Tuesday intern op 16th Aug Early"]
[Site "Chess.com INT"]
[Date "2022.08.16"]
[Round "9"]
[White "Demin, Vladimir"]
[Black "Koniahli, Malek"]
[Result "1-0"]
[WhiteElo "2430"]
[BlackElo "2238"]
[PlyCount "97"]
[EventDate "2022.08.16"]
[EventType "swiss (blitz)"]
[EventRounds "11"]
[EventCountry "USA"]
[SourceTitle "EXT 2023"]
[Source "ChessBase"]
[SourceDate "2022.10.05"]
[SourceVersion "1"]
[SourceVersionDate "2022.10.05"]
[SourceQuality "1"]

1. d4 Nf6 2. Nc3 d5 3. Bf4 c6 4. e3 Bf5 5. f3 e6 6. g4 Bg6 7. h4 h5 8. g5 Nfd7 9. Kf2 Na6 10. Nge2 Be7 11. Bg3 Bf5 12. Nf4 c5 13. Nb5 cxd4 14. exd4 g6 15. c3 0-0 16. Bd3 Bxd3 17. Qxd3 Kg7 18. Rae1 Qb6 19. a4 Rae8 20. a5 Qc6 21. Nxa7 Nac5 22. Nxc6 Nxd3+ 23. Nxd3 bxc6 24. b4 Ra8 25. Kg2 Rfc8 26. Ra1 Ra6 27. Rhe1 Kf8 28. Kf2 Ke8 29. Ke2 Bd8 30. Kd2 Bc7 31. Bxc7 Rxc7 32. Kc2 Rb7 33. Kb3 Kd8 34. Nc5 Nxc5+ 35. dxc5 Kd7 36. c4 dxc4+ 37. Kxc4 Ke7 38. Red1 Ra8 39. Rd6 Rab8 40. Ra4 Rc7 41. a6 Ra8 42. f4 Raa7 43. b5 cxb5+ 44. Kxb5 Ra8 45. Rb6 Rac8 46. c6 Ra8 47. Rb7 Kd8 48. Kb6 Rac8 49. Rd4+ 1-0

[Event "Titled Tuesday intern op 16th Aug Early"]
[Site "Chess.com INT"]
[Date "2022.08.16"]
[Round "3"]
[White "Koniahli, Malek"]
[Black "Gil Alba, Hector Luis"]
[Result "1-0"]
[WhiteElo "2238"]
[BlackElo "2310"]
[PlyCount "91"]
[EventDate "2022.08.16"]
[EventType "swiss (blitz)"]
[EventRounds "11"]
[EventCountry "USA"]
[SourceTitle "EXT 2023"]
[Source "ChessBase"]
[SourceDate "2022.10.05"]
[SourceVersion "1"]
[SourceVersionDate "2022.10.05"]
[SourceQuality "1"]

1. e4 c5 2. Nf3 Nc6 3. d4 cxd4 4. Nxd4 e5 5. Nb5 d6 6. c4 a6 7. N5c3 Be7 8. Be2 Bg5 9. Na3 Bxc1 10. Rxc1 Nf6 11. 0-0 0-0 12. Nc2 Be6 13. Qd2 Qe7 14. Rfd1 Rfd8 15. b3 Rac8 16. Nd5 Bxd5 17. cxd5 Nb8 18. f3 Nbd7 19. Ne3 g6 20. b4 Nb6 21. Qb2 Na4 22. Qb3 b5 23. Rc6 Rxc6 24. dxc6 Qa7 25. Kh1 Qb6 26. Rc1 Rc8 27. Nd5 Nxd5 28. exd5 Qf2 29. Bf1 Qd4 30. a3 Rc7 31. Rd1 Qb2 32. Qxb2 Nxb2 33. Rc1 Na4 34. g4 Nb6 35. Rd1 f5 36. gxf5 gxf5 37. Bh3 f4 38. Be6+ Kg7 39. Rg1+ Kf6 40. Rg8 Nc4 41. Rf8+ Kg7 42. Rc8 Rxc8 43. Bxc8 e4 44. fxe4 f3 45. Kg1 Nd2 46. Bf5 1-0

[Event "Olympiad-44"]
[Site "Chennai"]
[Date "2022.08.02"]
[Round "5.3"]
[White "Koniahli, Malek"]
[Black "Diaz Rosas, Julio Cesar"]
[Result "1/2-1/2"]
[WhiteElo "2238"]
[BlackElo "2328"]
[PlyCount "120"]
[EventDate "2022.07.29"]
[EventType "team-swiss"]
[EventRounds "11"]
[EventCountry "IND"]
[SourceTitle "CBM 210"]
[Source "ChessBase"]
[SourceDate "2022.10.31"]
[SourceVersion "1"]
[SourceVersionDate "2022.10.31"]
[SourceQuality "1"]
[WhiteTeam "Syria"]
[BlackTeam "Mexico"]
[WhiteTeamCountry "SYR"]
[BlackTeamCountry "MEX"]

1. d4 d5 2. c4 e6 3. Nf3 a6 4. Nc3 dxc4 5. a4 Nc6 6. e3 Na5 7. Nd2 c5 8. Nxc4 cxd4 9. exd4 Nf6 10. Ne5 Bb4 11. Bd3 b6 12. 0-0 Bb7 13. Bg5 h6 14. Be3 Nc6 15. Rc1 Nxe5 16. dxe5 Bxc3 17. bxc3 Qd5 18. f3 Qxe5 19. Re1 Qc7 20. Qb3 Nd5 21. Bd4 0-0 22. c4 Nf4 23. Bf1 Qe7 24. Qxb6 Rfc8 25. Qb2 f6 26. Be3 Ng6 27. Qf2 Ne5 28. Qg3 Kf8 29. a5 Rd8 30. Bb6 Nd3 31. Bxd3 Rxd3 32. Rcd1 Rxd1 33. Rxd1 e5 34. Qg4 Bc6 35. c5 e4 36. fxe4 Qxe4 37. Qxe4 Bxe4 38. Rd7 Rc8 39. Bc7 Bc6 40. Bd6+ Kg8 41. Ra7 Bb5 42. Kf2 Re8 43. Rc7 Re2+ 44. Kf3 Rc2 45. g4 Rc4 46. h4 Ba4 47. g5 hxg5 48. hxg5 fxg5 49. Be5 g6 50. Ke3 g4 51. Bd4 Kf8 52. Be5 Kg8 53. Bd4 Kf8 54. Be5 Ke8 55. Bd6 Kd8 56. Ra7 Bb5 57. Rg7 Be8 58. Ra7 Bb5 59. Rg7 Be8 60. Ra7 Bb5 1/2-1/2

[Event "Olympiad-44"]
[Site "Chennai"]
[Date "2022.07.29"]
[Round "1.3"]
[White "Koniahli, Malek"]
[Black "Moranda, Wojciech"]
[Result "0-1"]
[WhiteElo "2238"]
[BlackElo "2636"]
[PlyCount "94"]
[EventDate "2022.07.29"]
[EventType "team-swiss"]
[EventRounds "11"]
[EventCountry "IND"]
[SourceTitle "CBM 210"]
[Source "ChessBase"]
[SourceDate "2022.10.31"]
[SourceVersion "1"]
[SourceVersionDate "2022.10.31"]
[SourceQuality "1"]
[WhiteTeam "Syria"]
[BlackTeam "Poland"]
[WhiteTeamCountry "SYR"]
[BlackTeamCountry "POL"]

1. c4 Nf6 2. Nc3 c5 3. Nf3 e6 4. e3 d5 5. cxd5 Nxd5 6. d4 cxd4 7. Nxd5 Qxd5 8. Qxd4 Qxd4 9. Nxd4 Bd7 10. Bd2 Nc6 11. Nxc6 Bxc6 12. Rc1 Bd6 13. Bc3 f6 14. Bc4 Ke7 15. 0-0 Rac8 16. Bb3 h5 17. Rfd1 h4 18. Rxd6 Kxd6 19. Bb4+ Kc7 20. Bxe6 Rcd8 21. Bc3 Kb8 22. h3 Bd5 23. Bxd5 Rxd5 24. Kf1 Rc8 25. Re1 Re8 26. e4 Rc5 27. f3 Kc7 28. Kf2 Kd7 29. f4 Ke6 30. Rd1 g6 31. Kf3 f5 32. Re1 Kf7 33. e5 Ke6 34. Re3 Rd8 35. Be1 Rc2 36. Rb3 b6 37. Bxh4 Rd1 38. g4 Rh2 39. Rc3 Rxh3+ 40. Bg3 Rd2 41. Rc6+ Kd7 42. Rc3 Rxb2 43. Rd3+ Ke7 44. a3 b5 45. Rc3 a5 46. Rc7+ Kd8 47. Rc3 a4 0-1

[Event "Asia zt 3.1 Online"]
[Site "Tornelo INT"]
[Date "2021.06.07"]
[Round "7"]
[White "Koniahli, Malek"]
[Black "Saif, Malek"]
[Result "1-0"]
[WhiteElo "2255"]
[BlackElo "2168"]
[PlyCount "191"]
[EventDate "2021.06.01"]
[EventType "swiss"]
[EventRounds "9"]
[EventCountry "NET"]
[SourceTitle "CBM 202 Extra"]
[Source "ChessBase"]
[SourceDate "2021.07.31"]
[SourceVersion "1"]
[SourceVersionDate "2021.07.31"]
[SourceQuality "1"]

1. d4 Nf6 2. Nf3 e6 3. e3 b6 4. b3 Bb7 5. Bd3 Be7 6. 0-0 0-0 7. Bb2 Ne4 8. Nbd2 f5 9. c4 d5 10. cxd5 exd5 11. Ne5 Nd7 12. f4 Nxe5 13. dxe5 Bc5 14. Bd4 Bxd4 15. exd4 g5 16. Bxe4 dxe4 17. Nc4 gxf4 18. Rxf4 Qg5 19. Qf1 Rad8 20. Rd1 Rd7 21. Ne3 Bc8 22. Qf2 Rdf7 23. Kh1 Qg7 24. Rg1 Kh8 25. Nd5 Bb7 26. Nf6 Rxf6 27. exf6 Qxf6 28. Qe3 Rd8 29. Qf2 Qxd4 30. Rxf5 Qxf2 31. Rxf2 Kg7 32. Rc2 c6 33. Rf2 c5 34. Re1 Rd7 35. h3 Rd3 36. Kh2 Bd5 37. Rc1 h6 38. Kg1 a5 39. Kf1 Rd4 40. Ke1 a4 41. Rc3 axb3 42. axb3 Rb4 43. Rg3+ Kh7 44. Rf6 Bxb3 45. Rgg6 b5 46. Rxh6+ Kg7 47. Rhg6+ Kh7 48. Rg5 e3 49. Ke2 Re4 50. Rxc5 Bc4+ 51. Rxc4 bxc4 52. Rf3 c3 53. Rf7+ Kg6 54. Rc7 Ra4 55. Kxe3 Ra2 56. Kf3 c2 57. g4 Kf6 58. Kf4 Ke6 59. g5 Kd6 60. Rc8 Kd5 61. g6 Ra4+ 62. Kf5 Rc4 63. Rxc4 Kxc4 64. g7 c1Q 65. g8Q+ Kb5 66. Qd5+ Ka6 67. h4 Qf1+ 68. Kg6 Qg1+ 69. Qg5 Qb1+ 70. Kh6 Qf1 71. Kg7 Qh3 72. h5 Qd7+ 73. Kh6 Qc7 74. Qf5 Qc1+ 75. Kg7 Kb7 76. h6 Qc3+ 77. Qf6 Qg3+ 78. Kf8 Kc8 79. Qf5+ Kd8 80. Qd5+ Kc8 81. Qe6+ Kd8 82. Qe8+ Kc7 83. h7 Qh2 84. Qe7+ Kc8 85. Qc5+ Kb8 86. Qb4+ Ka8 87. Qe4+ Kb8 88. Qe8+ Kc7 89. Qf7+ Kb8 90. Qf5 Ka8 91. Qd5+ Kb8 92. Qg8 Qd6+ 93. Kg7+ Ka7 94. Qf7+ Ka6 95. Qf6 Qxf6+ 96. Kxf6 1-0

[Event "Asia zt 3.1 Online"]
[Site "Tornelo INT"]
[Date "2021.06.06"]
[Round "6"]
[White "Ghaem Maghami, Ehsan"]
[Black "Koniahli, Malek"]
[Result "1-0"]
[WhiteElo "2547"]
[BlackElo "2255"]
[PlyCount "79"]
[EventDate "2021.06.01"]
[EventType "swiss"]
[EventRounds "9"]
[EventCountry "NET"]
[SourceTitle "CBM 202 Extra"]
[Source "ChessBase"]
[SourceDate "2021.07.31"]
[SourceVersion "1"]
[SourceVersionDate "2021.07.31"]
[SourceQuality "1"]

1. c4 e6 2. Nf3 d5 3. d4 Nf6 4. g3 dxc4 5. Bg2 Nc6 6. Qa4 Bb4+ 7. Bd2 Nd5 8. Bxb4 Ndxb4 9. 0-0 Rb8 10. Na3 a6 11. Ne5 0-0 12. Nxc6 Nxc6 13. Bxc6 bxc6 14. Nxc4 Qxd4 15. Rfd1 Qe4 16. Rd2 Rb5 17. Qc2 Qg4 18. Rad1 Qg5 19. Qc3 Rd5 20. Ne3 Rxd2 21. Rxd2 c5 22. Rc2 e5 23. h4 Qd8 24. Qxe5 Be6 25. Qxc5 h6 26. Qxc7 Qd4 27. Qc3 Qa7 28. b3 Rd8 29. Rd2 Re8 30. Qd4 Qc7 31. Kh2 Qb7 32. Rc2 Qe7 33. Rd2 Bc8 34. Qd6 Qa7 35. Qd4 Qe7 36. Nd5 Qe6 37. Nf4 Qc6 38. f3 Qc1 39. Nh5 f6 40. Qa7 1-0

[Event "Online Olym Div3 A"]
[Site "Chess.com INT"]
[Date "2020.08.09"]
[Round "7.2"]
[White "Navaratnam, Rohan Shan Tze"]
[Black "Koniahli, Malek"]
[Result "1-0"]
[WhiteElo "2071"]
[BlackElo "2261"]
[PlyCount "53"]
[EventDate "2020.08.07"]
[EventType "team-tourn (rapid)"]
[EventRounds "9"]
[EventCountry "USA"]
[SourceTitle "CBM 198"]
[Source "ChessBase"]
[SourceDate "2020.10.31"]
[SourceVersion "1"]
[SourceVersionDate "2020.10.31"]
[SourceQuality "1"]
[WhiteTeam "Malaysia"]
[BlackTeam "Syria"]
[WhiteTeamCountry "MAS"]
[BlackTeamCountry "SYR"]

1. e4 c6 2. d4 d5 3. Nc3 dxe4 4. Nxe4 Bf5 5. Ng3 Bg6 6. Nh3 Nf6 7. c3 e6 8. Nf4 Bd6 9. h4 Qc7 10. Qf3 Nd5 11. Nxg6 hxg6 12. Ne4 Nd7 13. Nxd6+ Qxd6 14. g3 e5 15. dxe5 Nxe5 16. Qe2 0-0-0 17. Bg2 f5 18. Bg5 Rde8 19. 0-0-0 Qc5 20. Qc2 Ng4 21. Rd2 Re6 22. Rhd1 Rhe8 23. Bxd5 cxd5 24. Rxd5 Qxf2 25. Qd3 Qb6 26. Qc4+ Qc6 27. Rc5 1-0

[Event "Online Olym Div3 A"]
[Site "Chess.com INT"]
[Date "2020.08.08"]
[Round "5.1"]
[White "Koniahli, Malek"]
[Black "Cuttoli, Alexandre"]
[Result "1-0"]
[WhiteElo "2261"]
[BlackElo "2044"]
[PlyCount "159"]
[EventDate "2020.08.07"]
[EventType "team-tourn (rapid)"]
[EventRounds "9"]
[EventCountry "USA"]
[SourceTitle "CBM 198"]
[Source "ChessBase"]
[SourceDate "2020.10.31"]
[SourceVersion "1"]
[SourceVersionDate "2020.10.31"]
[SourceQuality "1"]
[WhiteTeam "Syria"]
[BlackTeam "Monaco"]
[WhiteTeamCountry "SYR"]
[BlackTeamCountry "MNC"]

1. d4 Nf6 2. Nf3 g6 3. Bf4 Bg7 4. e3 d6 5. h3 0-0 6. Nbd2 b6 7. Bd3 Bb7 8. 0-0 c5 9. c3 Nbd7 10. Qe2 Re8 11. Bh2 Rc8 12. Ba6 Ba8 13. Bxc8 Qxc8 14. Rac1 Bb7 15. Rfd1 Ba6 16. Qe1 Qa8 17. e4 e5 18. dxe5 dxe5 19. Qe3 Qc6 20. Ne1 h5 21. Bg3 Kh7 22. Bh4 Nf8 23. Nef3 N6d7 24. Nf1 f6 25. g4 g5 26. Bg3 h4 27. Bh2 Ne6 28. Ne1 Bf8 29. Qf3 Bb7 30. Ne3 c4 31. b4 Kg7 32. Nd5 a5 33. a3 Qa4 34. Nc2 axb4 35. axb4 Qc6 36. Nce3 b5 37. Nf5+ Kg6 38. Ra1 Nf4 39. Ra7 Kf7 40. Bxf4 exf4 41. Qe2 Ne5 42. f3 Kg6 43. Kg2 Nd3 44. Rxd3 cxd3 45. Qxd3 Kf7 46. Nd4 Qd7 47. Qxb5 Qxb5 48. Nxb5 Rb8 49. c4 Ke6 50. Nbc3 Bxd5 51. exd5+ Ke5 52. b5 Kd4 53. Ne4 Kxc4 54. d6 Kxb5 55. Rf7 Rd8 56. Rxf6 Kc6 57. Rg6 Ra8 58. Rxg5 Ra2+ 59. Kf1 Ra1+ 60. Ke2 Bxd6 61. Rg6 Ra2+ 62. Kd3 Ra3+ 63. Kd4 Ra4+ 64. Kd3 Ra3+ 65. Kc2 Rxf3 66. Rxd6+ Kc7 67. Rd3 Rf1 68. Ng5 Kc6 69. Rf3 Ra1 70. Rxf4 Ra2+ 71. Kd3 Ra3+ 72. Ke4 Ra4+ 73. Kf5 Ra5+ 74. Kg6 Kd7 75. Ne4 Ke8 76. g5 Re5 77. Nf6+ Ke7 78. Re4 Rxe4 79. Nxe4 Kf8 80. Kf6 1-0